000 01077nam a2200289Ia 4500
003 OSt
005 20220930092752.0
006 a|||||r|||| 00| 0
007 ta
008 220926b |||||||| |||| 00| 0 eng d
024 _a24533
037 _cTheses
040 _aCRL
_cCRL
_beng
041 _2eng
_aeng
100 _aEkka Anju Rani
_9549662
110 _aUniversity OF Delhi. Faculty OF Medical Sciences. Department OF Obstetrics and Gynaecology
245 0 _aScreening for peripartum thyroid dysfunction and its association with pregnancy complications
260 _c2015
650 _aWOMEN - DISEASES
700 _a Dr. Gita Radhakrishnan Gu.
_9532710
700 _a Dr. Prerna Batra Gu.
_9545197
700 _a Dr. Rachna Agarwal Gu.
_9545246
700 _a Dr. S. V. Madhu Gu.
_9532943
700 _aUniversity OF Delhi. Faculty OF Medical Sciences. Department OF Obstetrics and Gynaecology
942 _cDIS
_2CC
999 _c884266
_d884266